000 00404nam a22001697a 4500
003 OSt
008 240805b |||||||| |||| 00| 0 eng d
020 _a9789386538680
082 _a823.912 COH
100 _aCONRAD, Joseph
245 _aHeart of Darkness
250 _aReprint ed.
260 _aNew Delhi,
_bFingerprint Classics,
_c2024,
300 _a128 p.
650 _aEnglish,
942 _2ddc
_cBK
999 _c12817
_d12817